000
00198 a2200097 4500
001
32606
100
_a
Parkison, R
245
_a
The AUK
260
_a
London
_b
Granada Pub
_c
090
_c
21820
_d
21820
942
_a
NUST-CAE
_c
M
_c
13137
999
_c
267679
_d
267679